| 000 | 01046cab a2200217 4500 | ||
|---|---|---|---|
| 001 | X90102 | ||
| 008 | 090401t1998 xxu||||| |||| 00| 0 eng d | ||
| 035 | _a(Sirsi) u84552 | ||
| 041 | _aeng | ||
| 245 | _aHalton BC and Wignall | ||
| 260 | _c1998 | ||
| 350 | _a0 | ||
| 490 |
_aPlanning Appeal Decisions _v[1998] 13 PAD 49-51(3) |
||
| 520 | _aChange of use - storage/warehousing- office accommodation - joinery workshop - condition limiting permission to 5 July 1999 - to retain control over site - whether justified - whole permission up for a reconsideration - permission already implemented - local plan - primary employment area - environmental priority area - whether need for condition - trial run necessary - Single Regeneration Budget proposals not given government funding - other conditions - permission varied. HEADNOTE FROM JOURNAL. | ||
| 650 | _aCHANGE OF USE | ||
| 650 | _aHALTON BC AND WIGNALL | ||
| 650 | _aSINGLE REGENERATION BUDGET | ||
| 690 | _aPLANNING LAW AND PRACTICE-CASE LAW | ||
| 942 | _n0 | ||
| 948 | _c27/02/1998 | ||
| 999 |
_c53140 _d53140 |
||